| 000 | 00367cam a2200145ua 4500 | ||
|---|---|---|---|
| 041 |
_aeng _h |
||
| 082 |
_a821 _bBUR/BO |
||
| 100 | _aBurges, Helen . | ||
| 245 |
_aBook of verse for girls / _cHelen burges. _hTextual Documents |
||
| 260 |
_aLondon : _bUniversity of London Press Ltd , _c1980. |
||
| 300 | _a94 ; . | ||
| 504 | _a | ||
| 942 | _cBK | ||
| 999 |
_c6063 _d6063 |
||